Click a Bob Quiz Stats

 Plays Quiz Updated Oct 1, 2017

Also try: Click a Chuck
Challenge
Share
Tweet
Embed
Score 0/20 Timer 03:00
5 Plays Today
% Correct
Marley
90.9%
Downey Jr.
90.6%
De Niro
89.2%
Kennedy
88.5%
Dylan
84.4%
Dole
81.4%
Hope
80.9%
Lee
80.5%
Stevenson
76.9%
Fischer
75.6%
% Correct
Plant
73.8%
Seger
69.6%
Duvall
63.8%
Burns
54%
Walpole
48.3%
Scott
48.1%
Bruce
47.5%
Ford
47.3%
Parker
40.2%
Peel
35.1%

You're not logged in!

Compare scores with friends on all Sporcle quizzes.
Join for Free
OR
Log In

You Might Also Like...

Show Comments

Extras

Top Quizzes Today


Score Distribution

Your Account Isn't Verified!

In order to create a playlist on Sporcle, you need to verify the email address you used during registration. Go to your Sporcle Settings to finish the process.

Report this User

Report this user for behavior that violates our Community Guidelines.

Details: